| 000 | 00475nam a2200169Ia 4500 | ||
|---|---|---|---|
| 008 | 230917s9999||||xx |||||||||||||| ||und|| | ||
| 020 | _cRS150 | ||
| 040 |
_e222361 _aMAIN |
||
| 041 | _aEnglish | ||
| 082 | _a005.8 J239I | ||
| 100 | _aJamshed, Aatif | ||
| 245 | 0 | _aInformation security and cyber laws: Principles and practice | |
| 260 |
_aNew Delhi _bAsian Books _c2014 |
||
| 300 | _axv, 167 p. | ||
| 500 | _a1813 09/01/2015 ASIAN3261 14/01/2015 Main Budget | ||
| 942 | _cBK | ||
| 999 |
_c13516 _d13516 |
||